• 首页
  • 本馆介绍
  • 公告通知
  • 最新文献
  • 馆藏检索
  • 电子资源
  • 读者导购
  • 参考咨询
  • 我的图书馆
  • 登录
  • 详细信息显示
  • 放入我的书架
  • 预约/预借图书
  • 作者相关作品
  • 分类相关作品
  • 丛书相关作品
  • 出版社相关作品

书目信息

  • 表格格式
  • 工作单格式
  • 卡片格式
题名:
中国地震历史资料汇编
    
 
作者: 谢毓寿 , 蔡美彪 主编 ;邹震 , 毕于洁 , 金名其 编
分册: 第三卷  
出版信息: 北京   科学出版社  1987
页数: 541-1427页
开本: 26cm
丛书名:
单 册:
中图分类: P315-67
科图分类:
主题词: 地震--中国--史料
电子资源:
ISBN:
000 00824nam0 2200277 45
001 0187009838
005 20061122090329.28
010    @b精装@dCNY14.50
091    @aCN@b13031.3509
100    @a19900808d1987 kemy0chiy0121 ea
101 0  @achi
102    @aCN@b110000
105    @ay z 000yy
200 10 @a中国地震历史资料汇编@Azhong guo di zhen li shi zi liao hui bian@h第三卷@h下@f谢毓寿, 蔡美彪主编@g金名其等编
210    @a北京@c科学出版社@d1987
215    @a541-1427页@d26cm
606    @a地震@y中国@x史料
690    @aP315-67@v3
701  0 @a谢毓寿@Axie yu shou@4主编
701  0 @a蔡美彪@Acai mei biao@4主编
702  0 @a邹震@Azou zhen@4编
702  0 @a毕于洁@Abi yu jie@4编
702  0 @a金名其@Ajin ming qi@4编
801  2 @aCN@bNLC@c20061122
801  0 @aCN@bTSSF
905    @a10447@dP315-67@e35:3(2)
    
    中国地震历史资料汇编.第三卷.下/谢毓寿, 蔡美彪主编/金名其等编.-北京:科学出版社,1987
    541-1427页;26cm
    
    
    ISBN (精装):CNY14.50
    
●
相关链接 在E读中查询图书 在五车中查询图书 在当当中查询图书 在豆瓣中查询图书


正题名:中国地震历史资料汇编     索取号:P315-67/35:3(2)         预约/预借

序号 登录号 条形码 馆藏地/架位号 状态 备注
1 0203037   000556669   第二样本阅览室/ [索取号:P315-67/35:3(2)] 在馆    
唐山师范学院图书馆 欢迎您!
大连网信软件有限公司© 版权所有